MasterFormat 04 Divisions Quiz Stats

 Plays Quiz not verified by Sporcle

Challenge
Share
Tweet
Embed
Score 0/24 Timer 05:00
0 Plays Today
Division Answer % Correct
05Metals
96.7%
03Concrete
93.3%
04Masonry
90%
08Openings
86.7%
01General Requirements
86.7%
02Existing Conditions
83.3%
09Finishes
80%
10Specialties
80%
11Equipment
80%
13Special Construction
76.7%
22Plumbing
76.7%
26Electrical
66.7%
Division Answer % Correct
07Thermal and Moisture Protection
63.3%
14Conveying Equipment
60%
23HVAC
60%
21Fire Suppression
50%
27Communications
50%
06Woods, Plastics, and Composites
46.7%
25Integrated Automation
40%
00Procurement and Contracting
36.7%
28Electronic Safety and Security
36.7%
12Furniture
33.3%
30-39Site and Infrastructure Subgroup
6.7%
40-49Process Equipment Subgroup
3.3%

You're not logged in!

Compare scores with friends on all Sporcle quizzes.
OR
Log In

You Might Also Like...

Show Comments

Extras

Created Aug 26, 2010ReportNominate

Top Quizzes Today


Score Distribution

Your Account Isn't Verified!

In order to create a playlist on Sporcle, you need to verify the email address you used during registration. Go to your Sporcle Settings to finish the process.

Report this User

Report this user for behavior that violates our Community Guidelines.

Details: